000 00786nam a2200181Ia 4500
008 090124s9999 xx 000 0 und d
082 _b23182
100 _aखाडिलकर नीलकंठ (संपादक नवाकाऴ)
245 _a एक टक्का विरूद्ध 99 टक्के
250 _a1
260 _bसंबोधि प्रकाशन
_c1985
300 _a131
600 _aखाडिलकर नीलकंठ (संपादक नवाकाऴ)
630 _a एक टक्का विरूद्ध 99 टक्के
700 _aखाडिलकर नीलकंठ (संपादक नवाकाऴ)
730 _a एक टक्का विरूद्ध 99 टक्के
942 _cBOOK
999 _c92213
_d92213